Correct Sentences - Statistics

General Stats
  • This quiz has been taken 41 times
  • The average score is 6 of 15
Answers on the Grid
Answers color-coded by a green-red scale on the quiz's grid according to % correct below.
Jim is flying to Paris every week
Dana went to the shop yesterday
Will you go to school tommorow?
Does you have a brother?
I isn't playing football at the moment
Do we meet here every week?
My parent don't love our new cat
Did she went to school yesterday?
Ariel and I am learning English now
Is Noa reading a book at the moment?
I am not learning mathematics now
Tal and Yuval goes to school every day
Guy put this here yesterday
Did Or travel to Italy last summer?
Our parents are cooking at the moment
Your dog don't love me
Hadar didn't dance last week
Are Yuval and Ido coming to this lesson?
Amir won't travel to England next year
Are your team wins?
Did Meital teach you English next week
Currently, we are reading a text
Gal and Avi doesn't live here
Dani doesn't like broccoli
Do Noam likes ice cream?
Am I thinking at the moment?
Is we going home now?
My dog drinked all the water
You are learn here?
She doesn't plays the piano
 
Answer Stats
Answer % Correct
Dana went to the shop yesterday
63%
Will you go to school tommorow?
58%
Do we meet here every week?
53%
Is Noa reading a book at the moment?
53%
Are Yuval and Ido coming to this lesson?
42%
Currently, we are reading a text
42%
Dani doesn't like broccoli
42%
Hadar didn't dance last week
42%
I am not learning mathematics now
42%
Amir won't travel to England next year
37%
Our parents are cooking at the moment
37%
Guy put this here yesterday
32%
Am I thinking at the moment?
26%
Did Or travel to Italy last summer?
26%
My parent don't love our new cat
5%
No matching quizzes found
Score Distribution
Percent of People with Each Score
Percentile by Number Answered
Your Score History
You have not taken this quiz